=LDR 00000nam 2200000 4500 =001 INLIS000000000053217 =990 ##$$a 51800052 =005 20180424094046 =035 ##$$a 0010-0418000108 =007 ta =008 180424###########################0###### =020 ##$$a 978-602-425-038-6 =082 ##$$a 345.023 23 =084 ##$$a 345.023 23 BRI d =100 #$$a Brigita P. Manahara =245 1#$$a Dagang Pengaruh /$c Brigita P. Manahara =250 ##$$a Cet. 1 =260 ##$$a Jakarta :$b Rajawali Press,$c 2017 =300 ##$$a 198 hlm : $b Ilus ; $c 21 cm =650 ##$$a Korupsi ( dalam politik )-Aspek Hukum =504 ##$$a Bibliografi : hlm. 189 =990 ##$$a 72177217 =990 ##$$a 51800052